00360 2200145 4500001002100000005001500021035002000036245005200056100002200108300001200130260003800142082000800180084001400188990001200202INLIS00000000000161020250424103016 a0010-04250000261 aBerpikir dan Berjiwa Besar /cDavid J. Schwartz0 aDavid J. Schwartz a420 hlm aJakarta :bBinarupa Aksara,c1996 a100 a100 DAV b a0754722